Normal view
MARC view
- Dr.M.R.Sharma
Entry Personal Name
001 - CONTROL NUMBER
- control field: 26083
003 - CONTROL NUMBER IDENTIFIER
- control field: NUST
005 - DATE AND TIME OF LATEST TRANSACTION
- control field: 20191122122805.0
008 - FIXED-LENGTH DATA ELEMENTS
- fixed length control field: 191122|| aca||aabn | a|a d
040 ## - CATALOGING SOURCE
- Original cataloging agency: NUST
- Transcribing agency: NUST
100 ## - HEADING--PERSONAL NAME
- Personal name: Dr.M.R.Sharma
670 ## - SOURCE DATA FOUND
- Source citation: Work cat.: (NUST): Dr.M.R.Sharma, Fundamentals of Construction Planning .......... \, c2014
